Neural networks for modelling and control of dynamic systems / (Record no. 194474)

MARC details
000 -LEADER
fixed length control field 00827nam a2200265Ia 4500
003 - CONTROL NUMBER IDENTIFIER
control field OSt
005 - DATE AND TIME OF LATEST TRANSACTION
control field 20251203105031.0
008 - FIXED-LENGTH DATA ELEMENTS--GENERAL INFORMATION
fixed length control field 210716s2012 xx 000 0 und d
020 ## - INTERNATIONAL STANDARD BOOK NUMBER
International Standard Book Number 9788184893687
040 ## - CATALOGING SOURCE
Transcribing agency AIMIT LIBRARY
041 ## - LANGUAGE CODE
Language code of text/sound track or separate title eng
082 ## - DEWEY DECIMAL CLASSIFICATION NUMBER
Classification number 006.32
Edition number 1
Item number NORM
100 ## - MAIN ENTRY--PERSONAL NAME
Personal name Norgaard, M.
9 (RLIN) 247347
245 ## - TITLE STATEMENT
Title Neural networks for modelling and control of dynamic systems /
Statement of responsibility, etc. By M Norgaard,...[et.al]
250 ## - EDITION STATEMENT
Edition statement 1st ed.
260 ## - PUBLICATION, DISTRIBUTION, ETC.
Place of publication, distribution, etc. New Delhi :
Name of publisher, distributor, etc. Springer ,
Date of publication, distribution, etc. 2012.
300 ## - PHYSICAL DESCRIPTION
Extent xiv,246p. ;
Other physical details PB
Dimensions 23 cm
650 ## - SUBJECT ADDED ENTRY--TOPICAL TERM
Topical term or geographic name entry element System identification with neural networks
9 (RLIN) 247348
650 ## - SUBJECT ADDED ENTRY--TOPICAL TERM
Topical term or geographic name entry element Control with neural networks
9 (RLIN) 247349
650 ## - SUBJECT ADDED ENTRY--TOPICAL TERM
Topical term or geographic name entry element Case studies
9 (RLIN) 247350
700 ## - ADDED ENTRY--PERSONAL NAME
Personal name Ravn, O.
9 (RLIN) 247351
700 ## - ADDED ENTRY--PERSONAL NAME
Personal name Poulson, N K.
9 (RLIN) 247352
700 ## - ADDED ENTRY--PERSONAL NAME
Personal name Hansen, L K.
9 (RLIN) 247353
942 ## - ADDED ENTRY ELEMENTS (KOHA)
Source of classification or shelving scheme Dewey Decimal Classification
Koha item type Book
Edition 1st
Call number prefix 006.32 NORM
Holdings
Withdrawn status Lost status Source of classification or shelving scheme Damaged status Not for loan Collection code Home library Current library Source of acquisition Cost, normal purchase price Inventory number Total Checkouts Full call number Barcode Date last seen Cost, replacement price Price effective from Koha item type
    Dewey Decimal Classification     MCA St Aloysius Institute of Management & Information Technology St Aloysius Institute of Management & Information Technology Knowledge World 594.00 Bill no:446; Bill dt:2015-03-20   006.32 NORM MCA13982 05/23/2026 445.50 07/16/2021 Book